Le bar Centrale Lyon - Statistiques

Statistiques générales
  • Ce quiz a été pris 24 fois
  • Le résultat moyen est 42 sur 56
Statistiques - réponses
Hint Réponse % Correct
2021 Delbo
100%
2021 Kari
100%
2021 Nizu
100%
2020 Adhé
94%
2023 Banghy
94%
2022 Bouk
94%
2022 Deepy
94%
2022 Isthée
94%
2019 Khannah
94%
2024 Lexrhow
94%
2023 Musso
94%
2021 Spahdon
94%
2022 Aké
89%
2023 Dfk
89%
2023 Dinos
89%
2019 Dorso
89%
2021 Guess
89%
2023 Jeen
89%
2024 Kela
89%
2024 Keta
89%
2022 Leto
89%
2022 Loren
89%
2020 Mara
89%
2024 Ocif
89%
2020 Skouter
89%
2023 Styeh
89%
2023 Taz
89%
2021 Léone
83%
2021 Luky
83%
2024 Mala
83%
2022 Odji
83%
2023 Pala
83%
2024 Saso
83%
2022 Saté
83%
2020 Sukr
83%
2021 Suly
83%
2024 Noopy
78%
2020 Fizz
72%
2020 Livay
72%
2024 Ninkha
72%
2019 Axo
67%
2019 Eren
67%
2020 Wood
67%
2019 Luchot
61%
2019 Tsuna
61%
2019 Djizz
50%
2020 Biskow
44%
2018 Plo
44%
2019 Sheyrell
44%
2018 Lufa
33%
2018 Noss
33%
2018 Follet
28%
2018 Reness
28%
2018 Tiffo
28%
2018 Payp
11%
2018 Toad
11%
Aucun quiz correspondant
Distribution des résultats
% des personnes avec chaque résultat
Percentile par nombre de réponses
Votre historique - résultats
Vous n’avez pas pris ce quiz